Statistics for Countries that Border Spain

Click here to take the quiz!

General Stats

  • This quiz has been taken 13 times
  • The average score is 4 of 5

Answer Stats

PopulationAnswer% Correct
10.33 milPortugal
100%
67.75 milFrance
92%
79,034Andorra
85%
37.08 milMorocco
46%
32,669Gibraltar
31%

Score Distribution

Percentile by Number Answered

Percent of People with Each Score

Your Score History

You have not taken this quiz